000 00383nam a2200145Ia 4500
008 240729s9999 xx 000 0 und d
022 _a2663-6298
245 0 _aScience Journal of University of Zakho
260 _aIraq
260 _bUniversity of Zakho
650 _aScience
856 _uhttps://doaj.org/toc/ae1be74370d844488c231b3bef5a7152
942 _2ddc
942 _cDOAJEJ
999 _c70791
_d70791
945 _a1
_bMadushi Gamage
_c1
_dMadushi Gamage